| 000 | 00000nam##2200000za#4500 |
| 001 | 9.579621 |
| 003 | CaOODSP |
| 005 | 20230131161133 |
| 007 | cr ||||||||||| |
| 008 | 150406|2014||||xxc|||||o f|0| 0 eng|d |
| 020 | |a978-1-100-23589-9 |
| 022 | |a1701-4387 |
| 040 | |aCaOODSP|beng |
| 043 | |an-cn--- |
| 086 | 1 |aM44-2014/3E-PDF |
| 110 | 2 |aGeological Survey of Canada. |
| 245 | 12|aA detailed description of the Hoare Bay group and Paleoproterozoic plutonic rocks near Mischief Glacier and Clephane Bay, Cumberland Peninsula, Baffin Island, Nunavut / |h[electronic resource]|c[by] B.M. Hamilton. |
| 260 | |aOttawa - Ontario : |bNatural Resources Canada. |c2014. |
| 300 | |a23p.|bfigs., maps, references, photographs |
| 490 | 1 |aCurrent research - Geological Survey of Canada|x1701-4387|v2014-3 |
| 546 | |a(Résumé en français.) |
| 590 | |a15-13|b2015-03-27 |
| 830 | #0|aCurrent research (Geological Survey of Canada)|x1701-4387|v2014-3|w(CaOODSP)9.506236 |
| 856 | 40|ahttp://publications.gc.ca|qPDF|s8.04 MB|uhttps://publications.gc.ca/collections/collection_2015/rncan-nrcan/M44-2014-3-eng.pdf|y2014-3 |